00306nam a22001217a 4500003000400000082001700004100002000021245007900041260003500120300000800155650001300163653000800176SGT a615.05bI22M aMARATHA, SUSHMA aInvestigation Of Some Enzyme Modulators For their Antidepressant Potential aGURUGRAMbSGT UNIVERSITYc2022 a102 aPHARMACY aPHD